000 00955nas a2200253 454500
001 34891
005 20260407193509.0
008 260407s1996####ag###########|||spa#d
003 AR-UNSa-BCEJYS
040 _aAR-UNSa-BCEJYS
_bspa
_cAR-UNSa-BCEJYS
080 _a3
_xCiencias sociales. Estadística. Política. Economía. Comercio. Derecho. Gobierno. Asuntos militares. Bienestar social. Seguros. Educación. Folclore
245 1 0 _aDeutschland
_pMagazine on politics, culture, business and science
264 1 _aFrankfurt :
_bFrankfurter Societäts
_c1996
310 _aEdiciones en Inglés, Alemán y Español Frecuencia: Bimestral
041 _aspa
942 _cSER
590 _aniveau_biblio:s niveau_hierar:1
100 1 _aHintereder, Peter
650 _aCultura
650 _aAlemania
650 _aPolítica
650 _aECONOMIA
856 4 1 _uhttps://biblioeco.unsa.edu.ar/pmb/images/revistas/rev_Deutchland.jpg
_yImagen de portada
_qimage/jpeg
999 _c8760
_d8760